Top 10 Ballon d'or 24/25 - Statistiques

Statistiques générales
  • Ce quiz a été pris 79 fois
  • Le résultat moyen est 7 sur 10
Statistiques - réponses
Classement Joueur % Correct
1 Dembele
95%
2 Yamal
95%
3 Vitinha
81%
6 Hakimi
76%
7 Mbappe
76%
5 Raphinha
68%
4 Salah
63%
9 Donnarumma
60%
8 Palmer
57%
10 Mendes
51%
Aucun quiz correspondant
Distribution des résultats
% des personnes avec chaque résultat
Percentile par nombre de réponses
Votre historique - résultats
Vous n’avez pas pris ce quiz